Welcome to CU Library Online Public Access Catalogue (OPAC)

Statistical methods : (Record no. 1176)

MARC details
000 -LEADER
fixed length control field 00780pam a2200229 a 4500
001 - CONTROL NUMBER
control field 2033788
005 - DATE AND TIME OF LATEST TRANSACTION
control field 20241114110657.0
008 - FIXED-LENGTH DATA ELEMENTS--GENERAL INFORMATION
fixed length control field 921117s1992 nyua 001 0 eng
020 ## - INTERNATIONAL STANDARD BOOK NUMBER
International Standard Book Number 0470220856 (New York)
020 ## - INTERNATIONAL STANDARD BOOK NUMBER
International Standard Book Number 8122404197 (New Delhi)
050 00 - LIBRARY OF CONGRESS CALL NUMBER
Classification number QA276
Item number .M398 1992
082 00 - DEWEY DECIMAL CLASSIFICATION NUMBER
Classification number 519.5
Edition information 20
100 1# - MAIN ENTRY--PERSONAL NAME
Personal name Medhi, J.
Fuller form of name (Jyotiprasad)
245 10 - TITLE STATEMENT
Title Statistical methods :
Remainder of title an introductory text /
Statement of responsibility, etc. J. Medhi.
260 ## - PUBLICATION, DISTRIBUTION, ETC.
Place of publication, distribution, etc. New York :
Name of publisher, distributor, etc. Wiley,
Date of publication, distribution, etc. 1992.
300 ## - PHYSICAL DESCRIPTION
Extent xii, 438 p. :
Other physical details ill. ;
Dimensions 25 cm.
500 ## - GENERAL NOTE
General note Includes index.
650 #0 - SUBJECT ADDED ENTRY--TOPICAL TERM
Topical term or geographic name entry element Mathematical statistics.
856 42 - ELECTRONIC LOCATION AND ACCESS
Materials specified Publisher description
Uniform Resource Identifier <a href="http://www.loc.gov/catdir/description/wiley032/92042969.html">http://www.loc.gov/catdir/description/wiley032/92042969.html</a>
856 4# - ELECTRONIC LOCATION AND ACCESS
Materials specified Table of Contents
Uniform Resource Identifier <a href="http://www.loc.gov/catdir/toc/onix03/92042969.html">http://www.loc.gov/catdir/toc/onix03/92042969.html</a>
942 ## - ADDED ENTRY ELEMENTS (KOHA)
Source of classification or shelving scheme Library of Congress Classification
Koha item type Books
Suppress in OPAC No
999 ## -
-- 1176
-- 1176
Holdings
Withdrawn status Lost status Source of classification or shelving scheme Damaged status Not for loan Collection Home library Current library Shelving location Date acquired Total checkouts Full call number Barcode Date last seen Copy number Price effective from Koha item type
    Library of Congress Classification     Non-fiction Undergraduate Library (Christ Temple) Undergraduate Library (Christ Temple) General stacks 11/14/2024   QA276.M395 MED ulct00000302 11/14/2024 1 11/14/2024 Books
© 2023-2024 Copyright: Central University Libraries. All Rights Reserved | Created by: Mahone Tech Office